000 004470000a22001810004500
003 MACL
005 20150923152108.0
008 150923b xxu||||| |||| 00| 0 eng d
040 _aMACL
_cMACL
041 _aEnglish
082 _a891/SHU
100 _aShukla, Ramesh M
_912430
245 _aNavalram
_bMakers Of Indian Literature
260 _bSahitya Akademi
_c1988
_aDelhi
350 _a5
650 _aLiterature
_912431
942 _cBK
_k891
_2ddc
999 _c5280
_d5280